| 000 | 01580nam a2200349 i 4500 | ||
|---|---|---|---|
| 001 | 16966 | ||
| 003 | ES-MaACL | ||
| 005 | 20250624062841.0 | ||
| 007 | t| | ||
| 008 | 001127s1957 sp ||||1| spa d | ||
| 080 | _a76 Galicia, José Luis (064.3) | ||
| 100 | 1 |
_aGalicia, José Luis. _953411 |
|
| 245 | 1 | 0 |
_aGalicia _b: litografías : [exposición, Sala del Prado del Ateneo de Madrid, 15-29 noviembre 1957] / _c[texto de] Barnett D. Conlan. |
| 260 |
_aMadrid : _bAteneo, _c1957. |
||
| 300 |
_a[32] p. : _bprincipalmente il. n. ; _c22 cm. |
||
| 490 | 1 |
_aCuadernos de arte. Colección ordinaria ; _v25 |
|
| 600 | 1 | 4 |
_aGalicia, José Luis- _vExposiciones. _953412 |
| 610 | 2 | 4 |
_aAteneo de Madrid- _vExposiciones- _y1950-1959 _91919 |
| 610 | 2 |
_aAteneo de Madrid- _vObras digitalizadas. _91930 |
|
| 655 | 7 |
_2tgfbne _9193628 _aCatálogos de exposiciones |
|
| 700 | 1 |
_aConlan, Barnett D. _940195 |
|
| 710 | 2 |
_aAteneo de Madrid. _bSala del Prado. _91965 |
|
| 830 | 0 |
_aCuadernos de arte. Colección ordinaria _v25 _9180064 |
|
| 852 |
_aES-MaACL _j2159-F-23 _cDEPOF _zRevisado enlace: 04 de Mayo de 2025 |
||
| 852 |
_aES-MaACL _j2189-F-16 _cDEPOF _zRevisado enlace: 04 de Mayo de 2025 |
||
| 852 |
_aES-MaACL _jG-13292(10) _cSPP3 _zRevisado enlace: 04 de Mayo de 2025 |
||
| 852 |
_aES-MaACL _j2255-F-29 _cDEPOF _zRevisado enlace: 04 de Mayo de 2025 |
||
| 852 |
_aES-MaACL _j2255-F-28 _cDEPOF _zRevisado enlace: 04 de Mayo de 2025 |
||
| 856 | 4 |
_uhttp://www.ateneodemadrid.com/biblioteca_digital/folletos/CACo-025.pdf _yVer documento |
|
| 942 | _2udc | ||
| 999 |
_c16966 _d16966 |
||